000
00284nam a22001217a 4500
008
140526t xxu||||| |||| 00| 0 eng d
020
_a
9780442783587
100
_a
George R. Pettit
_9
889
245
_a
Synthetic Nucleotides
300
_a
252
440
_v
volume 1
_9
890
942
_2
ddc
_c
BK
999
_c
17129
_d
17129